• 首页
  • 本馆介绍
  • 公告通知
  • 最新文献
  • 馆藏检索
  • 电子资源
  • 读者导购
  • 参考咨询
  • 我的图书馆
  • 登录
  • 详细信息显示
  • 放入我的书架
  • 预约/预借图书
  • 作者相关作品
  • 分类相关作品
  • 丛书相关作品
  • 出版社相关作品

书目信息

  • 表格格式
  • 工作单格式
  • 卡片格式
题名:
插花艺术
    
 
作者: 刘爱琴 , 包晶晶 , 李晓玲 编著
分册:  
出版信息: 北京   航空工业出版社  2019.1
页数: 155页
开本: 26cm
丛书名:
单 册:
中图分类: J525.12
科图分类:
主题词: 插花--装饰美术--职业教育--教材
电子资源:
ISBN: 978-7-5165-1124-4
000 00995nam0 2200289 45
001 489984
005 20140817140236.0
010    @a978-7-5165-1124-4@dCNY49.80
099    @aCAL 012017108756
100    @a20170628d2016 em y0chiy0110 ea
101 0  @achi
102    @aCN@b110000
105    @aak z 000yy
106    @ar
200 1  @a插花艺术@Acha hua yi shu@f刘爱琴, 包晶晶, 李晓玲编著
210    @a北京@c航空工业出版社@d2019.1
215    @a155页@c彩图@d26cm
300    @a含微课
330    @a本书系统阐述了插花艺术的理论知识、插花艺术在现实生活中的应用及插花作品的鉴赏与品评。本书包括4个项目,内容分别为“掌握插花艺术的理论知识”“学习礼仪插花”“学习生活插花”“学习创意插花”。
333    @a中等职业教育精品教材
606 0  @a插花@x装饰美术@x职业教育@j教材
690    @aJ525.12@v5
701  0 @a刘爱琴@Aliu ai qin@4编著
701  0 @a包晶晶@Abao jing jing@4编著
701  0 @a李晓玲@Ali xiao ling@4编著
801    @aCN@b江苏凤凰@c20211018
905    @b1355165-8@dJ525.12@e638@f4
    
    插花艺术/刘爱琴, 包晶晶, 李晓玲编著.-北京:航空工业出版社,2019.1
    155页:彩图;26cm
    含微课.-使用对象:中等职业教育精品教材
    
    ISBN 978-7-5165-1124-4:CNY49.80
    本书系统阐述了插花艺术的理论知识、插花艺术在现实生活中的应用及插花作品的鉴赏与品评。本书包括4个项目,内容分别为“掌握插花艺术的理论知识”“学习礼仪插花”“学习生活插花”“学习创意插花”。
●
相关链接 在E读中查询图书 在五车中查询图书 在当当中查询图书 在豆瓣中查询图书


正题名:插花艺术     索取号:J525.12/638         预约/预借

序号 登录号 条形码 馆藏地/架位号 状态 备注
1 1355165   213551654   第一样本阅览室/ [索取号:J525.12/638] 在馆    
2 1355166   213551663   第一借阅区/ [索取号:J525.12/638] 在馆    
3 1355167   213551672   第一借阅区/ [索取号:J525.12/638] 在馆    
4 1355168   213551681   第一借阅区/ [索取号:J525.12/638] 在馆    
唐山师范学院图书馆 欢迎您!
大连网信软件有限公司© 版权所有